000 00505nam a2200121Ia 4500
008 160712s9999 xx 000 0 und d
100 _aCrispino-Ceballo, Mary Ann T.
245 _cMary Ann T. Crispino-Ceballo,
_aReflective Idea-Image Connections: Effects of Pupil Metacognitive Awareness and Concept Understanding in Science
260 _c2015
_bAlipato: A Journal of Basic Education
300 _avol. 6
650 _xEDUCATION
856 _uhttp://journals.upd.edu.ph/index.php/ali/article/view/4544/4093
999 _c297004
_d297004